Science and man's behavior : (Record no. 132191)

MARC details
000 -LEADER
fixed length control field 00738nam a22002417a 4500
005 - DATE AND TIME OF LATEST TRANSACTION
control field 20170124110151.0
010 ## - LIBRARY OF CONGRESS CONTROL NUMBER
LC control number 229705
020 ## - INTERNATIONAL STANDARD BOOK NUMBER
Terms of availability 00.00
035 ## - SYSTEM CONTROL NUMBER
System control number 229705
037 ## - SOURCE OF ACQUISITION
Source of stock number/acquisition Cen Lib/Ret
040 ## - CATALOGING SOURCE
Original cataloging agency DPL
Language of cataloging EN
082 ## - DEWEY DECIMAL CLASSIFICATION NUMBER
Classification number 616.8
Item number BUR
100 ## - MAIN ENTRY--PERSONAL NAME
Personal name Burrow, Trigant
9 (RLIN) 33972
245 ## - TITLE STATEMENT
Title Science and man's behavior :
Statement of responsibility, etc by Trigant Burrow; edited by William E. Galt
Remainder of title the contribution of phylobiology /
260 ## - PUBLICATION, DISTRIBUTION, ETC. (IMPRINT)
Place of publication, distribution, etc New York
Name of publisher, distributor, etc Philosophical Library
Date of publication, distribution, etc 1953
270 ## - ADDRESS
City New York
Address 14 East 40th Street
300 ## - PHYSICAL DESCRIPTION
Extent xii,564p.
Dimensions 21cm(Hb)
500 ## - GENERAL NOTE
General note Includes index<br/>
650 ## - SUBJECT ADDED ENTRY--TOPICAL TERM
Topical term or geographic name as entry element Psychophysiology
9 (RLIN) 33973
650 ## - SUBJECT ADDED ENTRY--TOPICAL TERM
Topical term or geographic name as entry element Behavior
9 (RLIN) 33974
700 ## - ADDED ENTRY--PERSONAL NAME
Personal name Galt, William E.
9 (RLIN) 33959
942 ## - ADDED ENTRY ELEMENTS (KOHA)
Source of classification or shelving scheme Dewey Decimal Classification
Koha item type English Books
Classification part 616.8
Call number suffix BUR
Holdings
Withdrawn status Lost status Damaged status Not for loan Home library Current library Date acquired Source of acquisition Cost, normal purchase price Total Checkouts Total Renewals Full call number Barcode Date last seen Date checked out Copy number Cost, replacement price Price effective from Koha item type
        Central Library Central Library 21/07/2015 Cen Lib/Ret 0.00 2 2 616.8 BUR 229705 30/07/2019 29/06/2019 1 0.00 21/07/2015 English Books

© Delhi Public Library
Hit Counter
free hit counter